Οι γυναικείες μορφές στο έργο της Ζωρζ Σαρή : μεταπτυχιακή εργασία
Αποθηκεύτηκε σε:
| Κύριος συγγραφέας: | |
|---|---|
| Συγγραφή απο Οργανισμό/Αρχή: | |
| Άλλοι συγγραφείς: | |
| Μορφή: | Thesis Βιβλίο |
| Γλώσσα: | Greek |
| Δημοσίευση: |
2008.
|
| Θέματα: | |
| Διαθέσιμο Online: | http://hdl.handle.net/11610/13718 |
| Ετικέτες: |
Προσθήκη ετικέτας
Δεν υπάρχουν, Καταχωρήστε ετικέτα πρώτοι!
|
MARC
| LEADER | 00000cam a2200000 i 4500 | ||
|---|---|---|---|
| 001 | 1/101835 | ||
| 008 | 090226s2008 gre d | ||
| 035 | |l 10103423 | ||
| 040 | |a GR-MY-UA |b gre |e aacr | ||
| 041 | 0 | |a gre | |
| 082 | 0 | |a 801.95082 |2 (22) | |
| 100 | 1 | |a Ασπρά, Μαρία. | |
| 245 | 1 | 3 | |a Οι γυναικείες μορφές στο έργο της Ζωρζ Σαρή : |b μεταπτυχιακή εργασία / |c Ασπρά Μαρία ; επιβλέπουσα καθηγήτρια: Αναγνωστοπούλου Διαμάντη. |
| 260 | |c 2008. | ||
| 300 | |a 93 σ. ; |c 30 εκ. | ||
| 502 | |a Διατριβή (μεταπτυχιακή) – Πανεπιστήμιο Αιγαίου, Ρόδος, 2008. | ||
| 504 | |a Βιβλιογραφία: σ. [94-96]. | ||
| 600 | 1 | 0 | |a Σαρή, Ζωρζ, |d 1925-2012. |
| 650 | 0 | 0 | |a Feminist literary criticism. |
| 650 | 0 | 0 | |a Women in literature. |
| 650 | 0 | 0 | |a Greek literature, Modern |x History and criticism. |
| 650 | 0 | 0 | |a Children's literature |x History and criticism. |
| 650 | 0 | 0 | |a Dissertations, Academic |z Greece. |
| 700 | 1 | |a Αναγνωστοπούλου, Διαμάντη, |e dgsf [Επιβλέπουσα καθηγήτρια] | |
| 710 | 1 | |a Πανεπιστήμιο Αιγαίου |b Σχολή Ανθρωπιστικών Επιστημών |b Τμήμα Επιστημών της Προσχολικής Αγωγής και του Εκπαιδευτικού Σχεδιασμού |b Μεταπτυχιακό Πρόγραμμα Σπουδών Παιδικό Βιβλίο και Παιδαγωγικό Υλικό. | |
| 852 | |a INST |b RHODES |c DIATR |e 20090226 |h 801.95082 ΑΣΠ |p 005400031877 |q 005400031877 |t MTXE |y 23 | ||
| 852 | |a INST |b RHODES |c DIATR |e 20090226 |h 801.95082 ΑΣΠ |p 005400031878 |q 005400031878 |t MTXE |y 23 | ||
| 856 | |u http://hdl.handle.net/11610/13718 | ||
| 901 | |a BIBL4-2009-1 | ||
| 909 | |a Ρ |b 156935 | ||
| 909 | |a Ρ |b 156936 | ||
| 924 | |a ΑΣΠΡΑ |b ΜΑΡΙΑ |y ΡΟΔΟΣ |z 2008-12 | ||
| 970 | |a ΚΟΖΑ |b ΜΑΡΙΑ |z 2009/02/26 | ||